لغتنا الجميلة : (رقم التسجيلة. 12976)

تفاصيل مارك
000 -الفاتح
عناصر البيانات ثابتة الطول 00715cam a2200205 i 4500
005 - تاريخ ووقت آخر معاملة
حقل ضبط 20251108164730.0
008 - عناصر البيانات ثابتة الطول
عناصر البيانات ثابتة الطول 250721s2013 jo gr 000 0 ara d
020 ## - الترقيم الدولي المعياري للكتب (ردمك)
الترقيم الدولي المعياري للكتب (ردمك) 9789957567156
082 14 - رقم تصنيف ديوي العشري
رقم التصنيف 410
رقم المادة س ع د
100 1# - مدخل رئيسي – اسم شخصي
الاسم الشخصي السعدي، عيسى إبراهيم
علاقة الشخص بالعمل/ دوره مؤلف.
245 10 - بيان العنوان
العنوان لغتنا الجميلة :
بقية العنوان كلمات ومعان /
بيان المسؤولية عيسى إبراهيم السعدي.
250 ## - بيان الطبعة
بيان الطبعة الطبعة الأولى.
264 1# - بيانات النشر، التوزيع…إلخ
مكان النشر، التوزيع...إلخ عمان :
اسم الناشر، الموزع...إلخ أمواج للطباعة والنشر والتوزيع،
تاريخ النشر، التوزيع...إلخ 2013.
300 ## - الوصف المادي
عدد الوحدات المكونة للوعاء 146صفحة.
650 17 - مدخل إضافي بالموضوع - مصطلح موضوعي
مصطلح موضوعي أو اسم جغرافي كعنصر مدخل اللغة العربية.
650 17 - مدخل إضافي بالموضوع - مصطلح موضوعي
مصطلح موضوعي أو اسم جغرافي كعنصر مدخل قواعد اللغة.
650 17 - مدخل إضافي بالموضوع - مصطلح موضوعي
مصطلح موضوعي أو اسم جغرافي كعنصر مدخل القواميس.
942 ## - بيانات إضافية (كوها)
نوع التنصيف Dewey Decimal Classification
نوع المادة (كوها) كتب
المقتنيات
حالة السحب حالة الفقدان مصدر التصنيف حالة التلف غير قابل للإعارة المكتبة الرئيسية المكتبة الحالية موقع الرف تاريخ التزويد الرقم المتسلسل Total Checkouts رقم الإستدعاء الباركود تاريخ آخر ظهور تاريخ الفاتورة نوع المادة (كوها)
    Dewey Decimal Classification     المكتبة المركزية المكتبة المركزية الإعارة 28/07/2025 1554515   410 / س ع د PLD00272743 28/07/2025 28/07/2025 كتب
    Dewey Decimal Classification     المكتبة المركزية المكتبة المركزية مقتنيات قسم التزويد 28/07/2025 1554517   410/سعد   28/07/2025 28/07/2025 كتب
    Dewey Decimal Classification     المكتبة المركزية المكتبة المركزية مقتنيات قسم التزويد 28/07/2025 1554518   410/سعد   28/07/2025 28/07/2025 كتب
    Dewey Decimal Classification     المكتبة المركزية المكتبة المركزية مقتنيات قسم التزويد 28/07/2025 1554519   410/سعد   28/07/2025 28/07/2025 كتب
    Dewey Decimal Classification     المكتبة المركزية المكتبة المركزية الإعارة 11/10/2016 1644293   410 / س ع د PLD00396419 28/07/2025 11/10/2016 كتب
    Dewey Decimal Classification     مكتبة أبو علندا العامة مكتبة أبو علندا العامة الإعارة 04/07/2013 1554525   410/سعد PLD00272810 28/07/2025 04/07/2013 كتب
    Dewey Decimal Classification     مكتبة أم قصير والمقابلين العامة مكتبة أم قصير والمقابلين العامة الإعارة 04/07/2013 1554524   410/سعد PLD00272809 28/07/2025 04/07/2013 كتب
    Dewey Decimal Classification     مكتبة الجويدة مكتبة الجويدة الإعارة 04/07/2013 1554520   410/سعد PLD00272805 28/07/2025 04/07/2013 كتب
    Dewey Decimal Classification     مكتبة الحسن العامة مكتبة الحسن العامة الإعارة 04/07/2013 1554522   410/سعد PLD00272807 28/07/2025 04/07/2013 كتب
    Dewey Decimal Classification     مكتبة النصر العامة مكتبة النصر العامة الإعارة 04/07/2013 1554527   410/سعد PLD00272812 28/07/2025 04/07/2013 كتب
    Dewey Decimal Classification     مكتبة حمزة العامة مكتبة حمزة العامة الإعارة 04/07/2013 1554529   410/سعد PLD00272814 28/07/2025 04/07/2013 كتب
    Dewey Decimal Classification     مكتبة مؤتة مكتبة مؤتة الإعارة 04/07/2013 1554521   410/سعد PLD00272806 28/07/2025 04/07/2013 كتب
    Dewey Decimal Classification     مكتبة وادي السير العامة مكتبة وادي السير العامة الإعارة 04/07/2013 1554528   410/سعد PLD00272813 28/07/2025 04/07/2013 كتب
Implemented & Customized by: BBB with SCIT (Smart Chains for Information Technology)

Powered by Koha